00662nmc a2200217 a 4500003000900000005001700009008004100026040001300067100002200080245001700102250001200119260003100131300001100162490003400173500011800207585003800325650002500363650001200388650002900400655001500429AR-BaBNM20251128204059.0026019s1980 ||||||||||||||000 | spa|| cAR-BaBNM1 aShua, Ana María10aSoy paciente a1ª ed. aBuenos AiresbLosadac19800 a138 p. 0aNovelistas de nuestra época0 aLa presente obra ha recibido el primer premio compartido en el Concurso Internacional de Narrativa Losada de 1980 aExpuesto en: Feria del Libro 2006 4aLITERATURA ARGENTINA 4aNOVELAS 4aLITERATURA CONTEMPORANEA aLITERATURA